| 000 | 01016nam a2200229 i 4500 | ||
|---|---|---|---|
| 001 | 162188 | ||
| 003 | ES-MaACL | ||
| 005 | 20250824202553.0 | ||
| 008 | 931025s1891 sp |||| | spa d | ||
| 245 | 0 | 0 |
_aPío IV y Felipe Segundo : _bprimeros diez meses de la embajada de Don Luis de Requesens en Roma, 1563-64. |
| 260 |
_aMadrid : _b[s.n.], _c1891 ( _fImp. de Rafael Marco) |
||
| 300 |
_aXV, 452 p. ; _c17 cm. |
||
| 490 | 1 |
_aColección de libros españoles raros o curiosos ; _v20 |
|
| 530 | _aDisponible en formato digital. | ||
| 600 | 2 | 7 |
_aRequesens y Zúñiga, Luis de, _d1528-1576 _2 _9131727 |
| 610 | 2 | 4 |
_aIglesia Católica- _xRelaciones- _zEspaña. _9151832 |
| 651 | 4 |
_aEspaña- _xRelaciones- _xIglesia Católica. _9149728 |
|
| 830 | 1 | 0 |
_aColección de libros españoles raros o curiosos _v20 _9187911 |
| 852 |
_aES-MaACL _jR-2187 _z-- Enc. hol. |
||
| 856 |
_uhttp://bibliotecadigital.jcyl.es/es/consulta/registro.do?id=20932 _zBiblioteca Digital de Castilla y León |
||
| 999 |
_c162188 _d162188 |
||